000
00321nam a2200133Ia 4500
008
200615s9999||||xx |||||||||||||| ||und||
020
_a
9788121717400
082
_a
510
_b
APP-G
100
_a
GERALD,CURTIS F.
245
0
_a
APPLIED NUMERICAL ANALYSIS
250
_a
1ST
260
_a
NEW DELHI
_b
PEARSON
_c
2018
942
_c
BK
999
_c
31687
_d
31687